| 000 | 00746cam a22002175a 4500 | ||
|---|---|---|---|
| 001 | L140289 | ||
| 008 | 070914s1999 xxka f h 000 0 eng d | ||
| 020 | _a0952988100 | ||
| 035 | _a(Sirsi) u140289 | ||
| 041 | 0 | _aeng | |
| 050 | 0 | 4 | _a025.3 $2 18 |
| 110 | 2 |
_aLibrary Association _bRare Books Group _95446 |
|
| 245 | 0 | 0 | _aGuidelines for the cataloguing of rare books |
| 250 | _a2nd ed. | ||
| 260 |
_aLondon _bThe Library Association Rare Books Group _c1999 |
||
| 300 |
_a32 p. _bill. _c21 cm. |
||
| 520 | _aProvides guidance on the cataloguing of rare and early books using AACR2. Foreword by Brian Hillyard and David Pearson. | ||
| 651 | 4 |
_aUnited Kingdom _y |
|
| 690 | _aMANAGEMENT-BUSINESS MANAGEMENT-INFORMATION MANAGEMENT | ||
| 942 | _n0 | ||
| 999 |
_c107475 _d107475 |
||